Laser Consult PHARE és világbanki programok. Kutatói múlt, üzleti tapasztalatokkal
Elmentve itt :
| Dokumentumtípus: | Cikk |
|---|---|
| Megjelent: |
1999-06-16
|
| Sorozat: | Délmagyarország
89 No. 138 |
| Kulcsszavak: | Végzett hallgató, Mogyorósi Péter |
| Online Access: | http://dmarchiv.bibl.u-szeged.hu/80445 |
| LEADER | 00484nab a2200145 i 4500 | ||
|---|---|---|---|
| 001 | delm80445 | ||
| 005 | 20191024103612.0 | ||
| 008 | 191024s1999 hu o 0|| hun d | ||
| 040 | |a SZTE Délmagyarország Archívum |b hun | ||
| 041 | |a hun | ||
| 245 | 0 | 0 | |a Laser Consult |h [elektronikus dokumentum] : |b PHARE és világbanki programok. Kutatói múlt, üzleti tapasztalatokkal |
| 260 | |c 1999-06-16 | ||
| 300 | |a 15 | ||
| 490 | 0 | |a Délmagyarország |v 89 No. 138 | |
| 695 | |a Végzett hallgató, Mogyorósi Péter | ||